000
00341 a2200157 4500
001
47730
020
_a
9788574124889
040
_c
Anchieta - Aquarius
100
_a
Schubert, Ingrid
240
1
0
_a
O guarda-chuva
_l
por
245
1
0
_a
O guarda-chuva
300
_a
36
362
0
_a
2014
650
4
_a
Literatura infanto-juvenil
942
_c
BK
999
_c
47730
_d
47730